Tesoros del Museo Nacional de Antropología de México (Record no. 835875)
[ view plain ]
| 000 -CABECERA | |
|---|---|
| Campo de control de longitud fija | 00662nam a2200205 4500 |
| 001 - NÚMERO DE CONTROL | |
| Campo de control | VA57897 |
| 003 - IDENTIFICADOR DEL NÚMERO DE CONTROL | |
| Campo de control | ES-SlBCS |
| 005 - FECHA Y HORA DE LA ÚLTIMA TRANSACCIÓN | |
| Campo de control | 20210601160940.0 |
| 008 - CÓDIGOS DE INFORMACIÓN DE LONGITUD FIJA | |
| Campo de control de longitud fija | 140520s1976 xxu||||| |||| 00| 0 spa d |
| 041 ## - CÓDIGO DE LENGUA | |
| Código de lengua del texto/banda sonora o título independiente | spa |
| 100 1# - PUNTO DE ACCESO PRINCIPAL-NOMBRE DE PERSONA | |
| Nombre de persona | Bernal, Ignacio |
| 9 (RLIN) | 7760 |
| 245 10 - MENCIÓN DE TÍTULO | |
| Título | Tesoros del Museo Nacional de Antropología de México |
| Mención de responsabilidad, etc. | Ignacio Bernal; Román Piña Chán, Fernando Cámara Barbachano, |
| 260 ## - PUBLICACIÓN, DISTRIBUCIÓN, ETC... (PIE DE IMPRENTA) | |
| Lugar de publicación, distribución, etc. | México : |
| Nombre del editor, distribuidor, etc. | Daimon |
| Fecha de publicación, distribución, etc. | , 1976 |
| 300 ## - DESCRIPCIÓN FÍSICA | |
| Extensión | 216 p.; |
| Dimensiones | 21 cm |
| 490 0# - MENCIÓN DE SERIE | |
| Mención de serie | Tesoros de los Grandes Museos |
| Designación de volumen o secuencia | |
| 650 04 - PUNTO DE ACCESO ADICIONAL DE MATERIA-TÉRMINO DE MATERIA | |
| Término de materia o nombre geográfico como elemento inicial | Antropología de la México |
| 9 (RLIN) | 396342 |
| 700 1# - PUNTO DE ACCESO ADICIONAL-NOMBRE DE PERSONA | |
| Nombre de persona | Cámara Barbachano, Fernando |
| 9 (RLIN) | 335176 |
| 700 1# - PUNTO DE ACCESO ADICIONAL-NOMBRE DE PERSONA | |
| Nombre de persona | Piña Chán, Román |
| 9 (RLIN) | 7750 |
| 942 ## - ENTRADA DE ELEMENTOS AGREGADOS (KOHA) | |
| Koha [por defecto] tipo de item | Libros |
| Suprimido | Perdido | Estropeado | No para préstamo | Localización permanente | Localización actual | Localización en estantería | Fecha adquisición | Préstamos totales | Signatura completa | Número de Registro / Código de Barras | Fecha última consulta | Fecha del precio de reemplazo | Tipo de item de Koha |
|---|---|---|---|---|---|---|---|---|---|---|---|---|---|
| San Esteban | San Esteban | Valladolid | 11/07/2014 | 27/F6 | VA57897 | 11/07/2014 | 11/07/2014 | Libros |
